|
|
|
|
| LEADER |
01383nam a2200301 4500 |
| 001 |
4944648 |
| 008 |
100704s2005 njua b 001 0 eng d |
| 010 |
|
|
|a 96027572
|
| 020 |
|
|
|a 9971512734
|
| 020 |
|
|
|a 0132524791
|
| 040 |
|
|
|a DLC
|c DLC
|d DLC
|d DB-DhAAL
|
| 082 |
0 |
0 |
|a 621.319/2
|2 20
|
| 245 |
0 |
0 |
|a Electric circuit analysis /
|c David E. Johnson ... [et al].
|
| 250 |
|
|
|a 3rd ed.
|
| 260 |
|
|
|a New York; :
|b John wiley & Sons,
|c c2005.
|
| 300 |
|
|
|a xiv, 848 p. :
|b ill. (some col.) ;
|c 24 cm.
|
| 500 |
|
|
|a Accompanied by: SPICE statement formats : quick reference guide. ([8] p. : ill. ; 22 cm.).
|
| 500 |
|
|
|a Rev. ed. of: Electric circuit analysis / David E. Johnson, Johnny R. Johnson, John L. Hilburn. 2nd ed. c1992.
|
| 504 |
|
|
|a Includes bibliographical references and index.
|
| 541 |
1 |
|
|e 00015044
|
| 650 |
|
0 |
|a Electric circuit analysis.
|
| 700 |
1 |
|
|a Johnson, David E.
|
| 700 |
1 |
|
|a Johnson, David E.
|t Electric circuit analysis.
|
| 852 |
4 |
|
|a Ayesha Abed Library
|j General Shelf.
|
| 942 |
0 |
0 |
|0 1
|
| 999 |
|
|
|c 9170
|d 9170
|
| 952 |
|
|
|0 0
|1 0
|2 ddc
|4 0
|6 621_319200000000000_ELE_2005
|7 0
|9 11505
|a BRACUL
|b BRACUL
|c GEN
|d 2010-07-04
|l 15
|m 79
|o 621.3192 ELE
|p 3010015044
|r 2024-02-08
|s 2024-01-31
|t 1
|w 2010-07-04
|y BK
|
| 952 |
|
|
|0 0
|1 0
|2 ddc
|4 0
|6 621_319200000000000_ELE_2005
|7 0
|9 11534
|a BRACUL
|b BRACUL
|c GEN
|d 2010-07-05
|l 17
|m 52
|o 621.3192 ELE
|p 3010015045
|r 2025-03-06
|s 2025-02-09
|t 2
|w 2010-07-05
|y BK
|